Les lieux geometriques en geometrie elementaire
Saved in:
| Main Author: | |
|---|---|
| Format: | Book |
| Language: | French |
| Published: |
Paris :
Gauthier-Villars,
1893.
|
| Subjects: | |
| Tags: |
Add Tag
No Tags, Be the first to tag this record!
|
MARC
| LEADER | 00000nam a2200000 i 4500 | ||
|---|---|---|---|
| 001 | 1/102434 | ||
| 008 | 090310s1893 fr ||| fre|| | ||
| 035 | |l 10103659 | ||
| 040 | |a GR-MY-UA |b gre |e aacr | ||
| 041 | 0 | |a fre | |
| 082 | 0 | |a 516 |2 (22) | |
| 100 | 1 | |a Sauvage, M. P. | |
| 245 | 1 | 4 | |a Les lieux geometriques en geometrie elementaire / |c M. P. Sauvage. |
| 260 | |a Paris : |b Gauthier-Villars, |c 1893. | ||
| 300 | |a vi, 113, 123 σ. : |b εικ. ; |c 22 εκ. | ||
| 501 | |a Το αντίτυπο 2 είναι δεμένο με : Methodes de resolution des problemes de lieux, d'enveloppes et de constructions geometriques et applications / par Louis Long. Paris : Librairie Vuibert, 1934. -- Δεμένα μαζί μετά την εκδοσή τους. | ||
| 650 | 0 | 0 | |a Geometry. |
| 740 | 0 | |a Methodes de resolution des problemes de lieux, d'enveloppes et de constructions geometriques et applications | |
| 852 | |a INST |b SAMOS |c MAG |e 20090310 |h 516 SAU |p 005300029178 |q 005300029178 |t BK |y 0 | ||
| 852 | |a INST |b SAMOS |c MAG |e 20150921 |h 516 SAU |p 005300035447 |q 005300035447 |t BK |y 0 | ||
| 901 | |a BIBL3-2009-1 | ||
| 909 | |a Σ |b 155790 | ||
| 920 | |a Μάγειρας |b Παναγιώτης |y Σάμος |z 2008-09 | ||
| 970 | |a Σιτζίμη |b Γιασεμή |z 2009-03-10 | ||
| 970 | |a Σιτζίμη |b Γιασεμή |z 20-09-2015 | ||